| 000 | 00768nab a2200241u 4500 | ||
|---|---|---|---|
| 001 | 09777 | ||
| 003 | HDC | ||
| 007 | c| |||a|c|aaaa | ||
| 008 | 210202b20120630my ||||| |||| 00| 0 eng d | ||
| 040 | _aHDC | ||
| 100 |
_aLim Wing Hooi / _eauthor _98474 |
||
| 245 | 0 |
_aUse of pouches to package consumer products / _cLim Wing Hooi |
|
| 336 |
_atext _2rdacontent |
||
| 337 |
_acomputer _2rdamedia |
||
| 338 |
_aonline resource _2rdacarrier |
||
| 650 |
_aMATRADE _97716 |
||
| 650 |
_aMintel Group _910002 |
||
| 710 | _aMalaysia SME | ||
| 856 | _zRequest full-text at [email protected] | ||
| 942 | _2lcc | ||
| 942 | _cNEWS | ||
| 942 | _kNWSC 003592 | ||
| 999 |
_c7100 _d7100 |
||